Golden egg book (The) / (Record no. 104868)
[ view plain ]
| 000 -LEADER | |
|---|---|
| fixed length control field | 00523nam a2200169 a 4500 |
| 005 - DATE AND TIME OF LATEST TRANSACTION | |
| control field | 20140412111330.0 |
| 008 - FIXED-LENGTH DATA ELEMENTS--GENERAL INFORMATION | |
| fixed length control field | 001120s19uu xx 00 eng d |
| 020 ## - INTERNATIONAL STANDARD BOOK NUMBER | |
| International Standard Book Number | 0-307-12045-7 |
| 050 ## - LIBRARY OF CONGRESS CALL NUMBER | |
| Classification number | TR(PS E |
| Item number | Go563 |
| 100 ## - MAIN ENTRY--PERSONAL NAME | |
| Personal name | Brown, Margaret Wise |
| 245 ## - TITLE STATEMENT | |
| Title | Golden egg book (The) / |
| Statement of responsibility, etc | by Margaret Wise Brown ; illustrated by Leonard Weisgard. |
| 260 ## - PUBLICATION, DISTRIBUTION, ETC. (IMPRINT) | |
| Place of publication, distribution, etc | New York : |
| Name of publisher, distributor, etc | Golden Book, |
| Date of publication, distribution, etc | 1947. |
| 300 ## - PHYSICAL DESCRIPTION | |
| Extent | 1 v. (unp.) ; col. ; ill. |
| 500 ## - GENERAL NOTE | |
| General note | Copyright renewed, 1975 |
| 650 ## - SUBJECT ADDED ENTRY--TOPICAL TERM | |
| Topical term or geographic name as entry element | Animals -- Stories |
| Withdrawn status | Lost status | Damaged status | Use restrictions | Home library | Current library | Shelving location | Date acquired | Source of acquisition | Total Checkouts | Full call number | Barcode | Date last seen | Price effective from | Koha item type |
|---|---|---|---|---|---|---|---|---|---|---|---|---|---|---|
| Elizalde Library | Elizalde Library | Teachers Reference Section | 02/06/2003 | TR(PS E Go563 | E8874 | 04/12/2014 | 04/12/2014 | Books |